Handbook of applied meteorology

Αποθηκεύτηκε σε:
Λεπτομέρειες βιβλιογραφικής εγγραφής
Άλλοι συγγραφείς: Houghton, David D. (Επιμελητής έκδοσης)
Μορφή: Βιβλίο
Γλώσσα:English
Δημοσίευση: New York : John Wiley and Sons, 1985
Σειρά:A Wiley-Interscience publication
Θέματα:
Ετικέτες: Προσθήκη ετικέτας
Δεν υπάρχουν, Καταχωρήστε ετικέτα πρώτοι!

MARC

LEADER 00000nam a2200000 i 4500
001 1/5920
008 960619s1985 eng d
020 |a 0-471-08404-2 
035 |l 10016175 
040 |a GR-MY-UA  |b gre  |e aacr 
041 0 |a eng 
082 0 |a 551.5 
245 1 0 |a Handbook of applied meteorology /  |c Edited David D. Houghton 
260 |a New York :   |b John Wiley and Sons,   |c 1985 
300 |a 1461 p.  |b ill.; tables; maps; fig. 
490 1 |a A Wiley-Interscience publication 
504 |a Includes bibliographical references and index. 
650 0 0 |a Engineering meteorology  |x Handbooks, manuals, etc. 
650 0 0 |a Meteorology  |x Handbooks, manuals etc. 
700 1 |a Houghton, David D.  |4 edt 
830 0 |a A Wiley-Interscience publication 
852 |a INST  |b LESVOS  |e 19960619  |h 551.5 HAN  |p 005100005854  |q 005100005854  |t BK  |y 0 
909 |a Λ  |b 020777